000 00752nam a2200229Ii 4500
003 JO-AjNU
008 230605s9999||||xx |||||||||||||| ||und||
017 _a1995/10851
020 _a977-5684-02-1
040 _aJO-AjNU
_bara
_erda
_cJO-AjNU
041 _aara
050 1 4 _aLB1051.M84 1996
100 3 _aخليل، محمد يوسف,
_eauthor
_952763
245 0 0 _aأسس التربية النفسية: الطفولة والمراهقة
250 _aط1
264 3 1 _aد.م: جهاد للنشر والتوزيع، 1996
300 _a103ص
336 _atext
_btxt
_2rdacontent
337 _aunmediated
_bn
_2rdamedia
338 _avolume
_bnc
_2rdacarrier
650 4 _aالتربية النفسية - الطفولة والمراهقة
_952764
999 _aA23392
_c26960
_d26960